000 00650nam a2200277Ia 4500
005 20260324143733.0
008 008 260324s9999 xx 000 0 eng d
020 _a9780429044069
037 _aEBOOK
040 _aCRL
040 _beng
040 _cCRL
041 _2eng
041 _aeng
084 _qCRL
100 _aJohn M. Weeks
_91216741
245 0 _aIntroduction To Library Research In Anthropology
260 _bTaylor and Francis
260 _c1991
365 _a
365 _b230
856 _uhttp://www.taylorfrancis.com/books/9780429044069
942 _cEBOOK
999 _c1822494
_d1822494